Chess players - Statistics

General Stats
  • This quiz has been taken 12 times
    5 since last reset
  • The average score is 14 of 20
Answer Stats
First Name Last Name % Correct
Magnus Carlsen
100%
Fabiano Caruana
100%
Bobby Fischer
100%
Garry Kasparov
100%
Ding Liren
100%
Mikhail Tal
100%
Viswanathan Anand
80%
Jose Raul Capablanca
80%
Anatoly Karpov
80%
Hikaru Nakamura
80%
Hans Niemann
80%
Boris Spassky
80%
Alexandre Alhekine
60%
Paul Morphy | Keres
60%
Wesley So
60%
Gukesh Dommaraju
40%
Alireza Firouja
40%
Vincent Keymer
20%
Maxime Vachier-Lagrave
20%
Nodirberk Abdusattorov
0%
No matching quizzes found
Score Distribution
Percent of People with Each Score
Percentile by Number Answered
Your Score History
You have not taken this quiz since the last reset